000 00303nam a2200133Ia 4500
008 220214s9999 xx 000 0 und d
100 _aVan Rossem A
245 0 _aMastication of rubber. Part I
300 _a35p
700 _a
_Delft TNO
700 _aHoekstra J
700 _aPhilips NV
942 _cRE
999 _c46397
_d46397